| 000 | 00898nam a2200265 a 4500 | ||
|---|---|---|---|
| 001 | 000024539 | ||
| 005 | 20260218080534.0 | ||
| 008 | 110131s1984 mx a r 000 0 spa d | ||
| 020 | _a9682302986 | ||
| 040 |
_aDO-SdBNP _bspa _cBNPHU |
||
| 082 |
_a330.122 _bP349m, 1984 |
||
| 100 | 1 |
_aPeña, Sergio de la, _d1931-1998. _950289 |
|
| 245 | 1 | 0 |
_aEl modo de produccion capitalista : _bteoría y método de investigación / _cSergio de la Peña. |
| 250 | _a4a ed. | ||
| 260 |
_aMéxico, D. F. : _bSiglo Veintiuno Editores, _c1984. |
||
| 300 |
_a246, [1] p. : _bil. ; _c19 cm. |
||
| 490 | 1 | _aSociología y política | |
| 500 | _aIncluye notas al pie de las páginas | ||
| 504 | _aIncluye referencias bibliográficas | ||
| 650 | 0 |
_aCapitalismo _9280 |
|
| 650 | 0 |
_aMarxismo _95234 |
|
| 650 | 4 |
_aSistemas económicos _97422 |
|
| 650 | 4 |
_aTecnocrácia _933680 |
|
| 830 | 0 |
_aSociología y política _917789 |
|
| 999 |
_c24032 _d24032 |
||